| 000 | 00586cam a2200205 a 4500 | ||
|---|---|---|---|
| 001 | 000018695 | ||
| 005 | 20200929165835.0 | ||
| 008 | 720413s1960 fr 000 p fre d | ||
| 020 | _a2020016656 | ||
| 040 |
_aDO-SdBNP _bfr _cBNPHU |
||
| 082 |
_a841.9 _bC421f |
||
| 100 | 1 |
_aCesaire, Aime. _940354 |
|
| 245 | 1 | 0 |
_aFerrements : _bpoemes / _cAimé Césaire. |
| 260 |
_aParís, (Francia) : _bEditions du Seuil, _c1960. |
||
| 300 |
_a92 p. ; _c19 cm. |
||
| 650 | 4 |
_aPoesía francesa _94916 |
|
| 650 | 4 |
_aLiteratura francesa _91074 |
|
| 910 | _aCatalogación derivada / LC | ||
| 049 | _aBNGR | ||
| 999 |
_c18215 _d18215 |
||